[Event "Euskadi ch 2013"]
[Site "Zornotza ESP"]
[Date "2013.04.01"]
[Round "1.1"]
[White "Franco Alonso, Alejandro"]
[Black "Guijarro Galan, Jose Luis"]
[Result "0-1"]
[WhiteElo "2504"]
[BlackElo "2154"]
[PlyCount "93"]
[EventDate "2013.04.01"]
[EventType "swiss"]
[EventRounds "7"]
[EventCountry "ESP"]
[Source "lmi"]
[SourceDate "2013.04.01"]

1. c4 e6 2. g3 d5 3. Bg2 Nf6 4. Nf3 Be7 5. O-O O-O 6. d4 dxc4 7. Qc2 a6 8. Qxc4
b5 9. Qc2 Bb7 10. Bd2 Be4 11. Qc1 Nc6 12. Be3 Rc8 13. Rd1 Nb4 14. Nc3 Ba8 15.
a4 Nbd5 16. axb5 Nxc3 17. Qxc3 axb5 18. Ne5 Bxg2 19. Kxg2 Nd5 20. Qb3 c5 21.
dxc5 Qc7 22. Bd4 Bxc5 23. Bxc5 Qxc5 24. Nd7 Qc6 25. e4 Qxd7 26. exd5 Rfd8 27.
dxe6 Qc6+ 28. Kg1 Rxd1+ 29. Rxd1 fxe6 30. Qe3 h6 31. Qe5 Re8 32. h4 Re7 33.
Rd8+ Re8 34. Rd6 Qc1+ 35. Kg2 Qc7 36. Kh3 Kh8 37. f4 Qc4 38. Rd7 Rg8 39. Kg4 b4
40. Re7 b3 41. Kh5 Qc2 42. Rxe6 Kh7 43. f5 Qd1+ 44. g4 Qd8 45. Re7 Qc8 46. f6
Qe8+ 47. f7 0-1

[Event "Euskadi ch 2013"]
[Site "Zornotza ESP"]
[Date "2013.04.04"]
[Round "4.8"]
[White "Villalta Bustillo, Igor"]
[Black "Segura Del Frago, Imanol"]
[Result "1-0"]
[WhiteElo "2229"]
[BlackElo "2012"]
[PlyCount "111"]
[EventDate "2013.04.01"]
[EventType "swiss"]
[EventRounds "7"]
[EventCountry "ESP"]
[Source "lmi"]
[SourceDate "2013.04.01"]

1. b3 e5 2. Bb2 Nc6 3. e3 a6 4. c4 d5 5. cxd5 Qxd5 6. Nc3 Qd6 7. Nf3 Bg4 8. Be2
O-O-O 9. a3 f5 10. d3 Nf6 11. b4 Nd5 12. Qb3 Nxc3 13. Bxc3 Be7 14. Rb1 e4 15.
dxe4 fxe4 16. Nd4 Bxe2 17. Nxe2 Ne5 18. O-O Ng4 19. Nf4 h5 20. Bxg7 Rhg8 21.
Rfd1 Rxg7 22. Rxd6 Bxd6 23. Ne6 Bxh2+ 24. Kh1 Rd3 25. Nxg7 Rxb3 26. Rxb3 Be5
27. Nxh5 Nxf2+ 28. Kg1 Nd3 29. Nf4 Nxf4 30. exf4 Bxf4 31. Rc3 b5 32. Kf2 Be5
33. Rh3 Bd4+ 34. Ke2 Kd7 35. Rh6 c6 36. g4 Bb2 37. g5 Bxa3 38. Rf6 Bb2 39. Rf7+
Kd6 40. g6 Bc3 41. Ra7 Kd5 42. g7 Bxg7 43. Rxg7 Kc4 44. Rg4 Kxb4 45. Rxe4+ Kc5
46. Kd3 a5 47. Kc2 a4 48. Kc3 Kb6 49. Re3 Kc5 50. Re5+ Kd6 51. Kd4 b4 52. Rh5
a3 53. Rh6+ Kd7 54. Kc4 c5 55. Rh3 Kc7 56. Kxc5 1-0